Secretariado: gestión administrativa y asistencia a la dirección (Registro nro. 9154)
[ vista simple ]
| 000 -CABECERA | |
|---|---|
| campo de control de longitud fija | 01229nam a22004337a 4500 |
| 005 - FECHA Y HORA DE ACTUALIZACIÓN | |
| campo de control | 20190522141657.0 |
| 008 - LONGITUD FIJA | |
| campo de control de longitud fija | 170327b xxu||||| |||| 00| 0 spa d |
| 020 ## - INTERNATIONAL STANDARD BOOK NUMBER | |
| Número Internacional Estándar del Libro | 9786076226049 |
| 041 ## - IDIOMA | |
| Código de idioma del texto/pista de sonido o título separado | |
| 082 ## - CLASIFICACIÓN DECIMAL DEWEY | |
| Número de clasificación | 651.3 T684s |
| 100 ## - AUTOR PERSONAL | |
| Nombre de persona | Tormo, Marisa |
| 245 ## - TÍTULO PROPIAMENTE DICHO | |
| Título | Secretariado: gestión administrativa y asistencia a la dirección |
| 260 ## - PIE DE IMPRENTA | |
| Lugar de publicación, distribución, etc. | México |
| 260 ## - PIE DE IMPRENTA | |
| Lugar de publicación, distribución, etc. | Alfaomega |
| 260 ## - PIE DE IMPRENTA | |
| Fecha de publicación, distribución, etc. | 2016 |
| 300 ## - DESCRIPCIÓN FÍSICA | |
| Extensión | 172 páginas |
| 650 ## - Materia General | |
| Materia general | SECRETARIA EJECUTIVA |
| 650 ## - Materia General | |
| Materia general | HISTORIA |
| 650 ## - Materia General | |
| Materia general | COMUNICACIÓN |
| 650 ## - Materia General | |
| Materia general | CARTAS |
| 650 ## - Materia General | |
| Materia general | PAGARÉ |
| 650 ## - Materia General | |
| Materia general | CONTABILIDAD |
| 650 ## - Materia General | |
| Materia general | OFIMÁTICA |
| 650 ## - Materia General | |
| Materia general | REDES SOCIALES |
| 650 ## - Materia General | |
| Materia general | PERFIL SECRETARIAL |
| 650 ## - Materia General | |
| Materia general | COMUNICACIÓN EXTERNA |
| 650 ## - Materia General | |
| Materia general | COMUNICACIÓN INTERNA |
| 650 ## - Materia General | |
| Materia general | APTITUDES DE LA SECRETARIA |
| 650 ## - Materia General | |
| Materia general | CERTIFICADO |
| 650 ## - Materia General | |
| Materia general | CARTAS DE RECLAMO DE DEUDAS |
| 650 ## - Materia General | |
| Materia general | PRESUPUESTO |
| 650 ## - Materia General | |
| Materia general | ORTOGRAFÍA |
| 650 ## - Materia General | |
| Materia general | REDACCIÓN DE EMAILS |
| 650 ## - Materia General | |
| Materia general | WORD |
| 650 ## - Materia General | |
| Materia general | EXCEL |
| 650 ## - Materia General | |
| Materia general | REDES SOCIALES |
| 650 ## - Materia General | |
| Materia general | EVERNOTE |
| 942 ## - Punto de Acceso Adicional Koha | |
| Tipo de ítem Koha | Libro |
| Estado perdido | Estado dañado | No para préstamo | Biblioteca permanente | Biblioteca actual | Signatura completa | Código de barras | Precio efectivo a partir del | Tipo de ítem |
|---|---|---|---|---|---|---|---|---|
| Departamento de Biblioteca y Documentación Alfonso Chase Brenes | Departamento de Biblioteca y Documentación Alfonso Chase Brenes | 651.3 T684s | 21932 | 27/03/2017 | Libro | |||
| Departamento de Biblioteca y Documentación Alfonso Chase Brenes | Departamento de Biblioteca y Documentación Alfonso Chase Brenes | 651.3 T684s | 21933 | 27/03/2017 | Libro | |||
| Departamento de Biblioteca y Documentación Alfonso Chase Brenes | Departamento de Biblioteca y Documentación Alfonso Chase Brenes | 651.3 T684s | 21934 | 27/03/2017 | Libro | |||
| Departamento de Biblioteca y Documentación Alfonso Chase Brenes | Departamento de Biblioteca y Documentación Alfonso Chase Brenes | 651.3 T684s | 21935 | 27/03/2017 | Libro | |||
| Departamento de Biblioteca y Documentación Alfonso Chase Brenes | Departamento de Biblioteca y Documentación Alfonso Chase Brenes | 651.3 T684s | 22858 | 06/03/2018 | Libro | |||
| Departamento de Biblioteca y Documentación Alfonso Chase Brenes | Departamento de Biblioteca y Documentación Alfonso Chase Brenes | 651.3 T684s | 22859 | 06/03/2018 | Libro | |||
| Departamento de Biblioteca y Documentación Alfonso Chase Brenes | Departamento de Biblioteca y Documentación Alfonso Chase Brenes | 651.3 T684s | 24345 | 22/05/2019 | Libro |